As fadas verdes (Registo nº 3856)

Detalhes MARC
000 -Etiqueta do registo
Cabeçalho 00772nam0a2200277 4500
005 - Identificador da versão
Campo de controlo 20240902115513.0
010 ## - Número internacional normalizado dos livros (ISBN)
Número (ISBN) 9722610317
021 ## - Número do Depósito Legal
Código do país PT
Número 73107/93
100 ## - Dados gerais de processamento
Dados gerais de processamento 20170511d1994 cd y0pory5003 ba
101 0# - Língua de publicação
Língua do texto, banda sonora, etc. Português
102 ## - Pais de publicação ou produção
País de publicação Portugal
200 1# - Titulo e menção de responsabilidade
Título próprio As fadas verdes
Primeira menção de responsabilidade Matilde Rosa Araújo
Outras menções de responsabilidade il. Manuela Bacelar
205 ## - Menção da edição
Menção da edição 1ª ed
210 ## - Publicação, Distribuição, etc. 
Lugar da edição, distribuição, etc. Porto
Nome do editor, distribuidor, etc. Civilização
Data da publicação, distribuição, etc. 1994
215 ## - Descrição física 
Indicação específica da natureza do documento e extensão da espécie 26, [3] p.
Outras indicações físicas il. color
225 1# - Colecção 
Título próprio da colecção As palavras emboscadas
Indicação de volume 2
300 ## - Notas gerais 
Texto da nota Metas Curriculares
Texto da nota PNL
606 ## - Nome comum usado como assunto
Número de registo de entrada de autoridade 0001358
Palavra de ordem Literatura portuguesa
Subdivisão de assunto Poesia
Código do sistema CA
675 ## - Classificação Decimal Universal (CDU)
Notação 821.134.3-1
Edição 3ª ed.
Língua da edição por
700 #1 - Nome de autor-pessoa física (responsabilidade principal)
Número de registo de entrada de autoridade 0001368
Palavra de ordem Araújo
Outra parte do nome não tomada para palavra de ordem Matilde Rosa
Datas 1921-2010
702 #1 - Nome de autor-pessoa física (responsabilidade secundária)
Número de registo de entrada de autoridade 0000045
Palavra de ordem Bacelar
Outra parte do nome não tomada para palavra de ordem Manuela
Datas 1943-
Código de função Ilustrador / Técnico de desenho computorizado
942 ## - Elementos de entrada adicionados (Koha)
Tipo de item no Koha Livro
966 ## - Identificação da Biblioteca
Sigla EBVEN
Exemplares
Situação do levantamento Origin of item (home branch) (coded) Biblioteca de empréstimo Código de barras Cota Circulation type (not for loan) Tipo de documento Nota do exemplar Damaged status
  Biblioteca Escolar das Vendas Biblioteca Escolar das Vendas BEV220 8POR ARA MET PNL   Livro Sem mensagem